Normal view
MARC view
- Environment and health
Entry Uniform Title
001 - CONTROL NUMBER
- control field: 12347
003 - CONTROL NUMBER IDENTIFIER
- control field: NUST
005 - DATE AND TIME OF LATEST TRANSACTION
- control field: 20181016102213.0
008 - FIXED-LENGTH DATA ELEMENTS
- fixed length control field: 181016|| aca||aabn | a|a d
040 ## - CATALOGING SOURCE
- Original cataloging agency: NUST
- Transcribing agency: NUST
130 ## - HEADING--UNIFORM TITLE
- Uniform title: Environment and health
670 ## - SOURCE DATA FOUND
- Source citation: Work cat.: (NUST)0: Social psychology of health and illness /, 2011
